MESTSKÁ KNIŽNICA GIRALTOVCE  - online katalóg 

O úlohe ženy v spoločnosti a skúsenosti z riešenia ženskej otázky v socialistických krajinách (Record no. 15556)

000 -NÁVESTIE
fixed length control field 00450nam a2200121 a 4500
008 - ÚDAJE S PEVNOU DĹŽKOU – VŠEOBECNÉ INFORMÁCIE
fixed length control field 110107s1974|||| d
020 ## - MEDZINÁRODNÉ ŠTANDARDNÉ ČÍSLO KNIHY (ISBN)
Údaje o dostupnosti 11
044 ## - KÓD KRAJINY VYDAVATEĽA/PRODUCENTA
Kód krajiny MARC xo
Kód krajiny ISO SK
041 ## - KÓD JAZYKA
Kód jazyka textu/zvukovej stopy alebo samostatných nápisov slo
100 1# - OSOBNÉ MENÁ – VŠEOBECNÉ INFORMÁCIE
Osobné meno Lenin, V. I.
245 10 - NÁZOV
Názov O úlohe ženy v spoločnosti a skúsenosti z riešenia ženskej otázky v socialistických krajinách
Zvyšok názvu Materiály medzinárodného sýmpózia, venovaného 100. výročiu narodenia V. I. Lenina
260 ## - VYDAVATEĽSKÉ ÚDAJE, DISTRIBÚCIA ATĎ.
Názov vydavateľa, distibútora atď. Pravda
Miesto publikovania, distribúcie atď. Bratislava
Dátum publikovania, distribúcie atď. 1974
Holdings
Stav stiahnutia (Blokovanie) (Withrawn status) Stav straty Stav poškodenia (Damaged status) Nie pre výpožičky (Not for loan) Spôsob nadobudnutia (Collection code) Trvalé umiestnenie Aktuálne umiestnenie Dátum nadobudnutia Náklady, bežná kúpna cena Inventárne číslo (prírastkové číslo) Full call number Dátum posledného výskytu Cena s účinnosťou od Typ jednotky Koha
Vyradený       Kúpa Mestská knižnica Giraltovce Mestská knižnica Giraltovce 2019-11-29 11.00 14579 K 126 2019-11-29 2019-11-29 Odborná literatúra pre dospelých

Powered by Koha